00525cam a22002171 4500001001300000003000400013005001700017008004100034010001700075035002000092040001800112042001200130050001700142100003400159245003100193260001100224300001900235500001400254650002200268999001700290sa 63000318 DLC20260227111920.0890510s1962 ii 000 0 hin  asa 63000318  a(OCoLC)19688929 aDLCcWaUdDLC apremarc00aPK2033b.S281 aŚarmā, Saranāmasiṃha.10aVimarśa aura nishkarsha. c[1962] a234 p.c23 cm. aIn Hindi. 0aHindi literature. c53411d53411